000 00625nam a2200241 a 4500
008
020 _a0194424286 (pbk.)
049 _aMAIN
090 _aQC395.2
100 1 _aWelford, W.T
245 1 0 _aOptics /
_cW.T. Welford
250 _a2nd ed.
260 _aOxford :
_bEnglish language university press,
_c1981
300 _avii, 150 p :
_bill. ;
_c22 cm.
500 _aIncludes index
650 _aOptics.
650 1 _aPhysics
907 _a.b10170510
_b17-01-07
_c10-08-05
003
005 20260213150910.0
040 _cNUST
942 _cBOOKS
_kQC395.2
_01
999 _c159277
_d159277